000 00616nam a2200265Ia 4500
005 20260121170808.0
008 008 260114s9999 xx 000 0 eng d
020 _a9781484238677
037 _aEBOOK
040 _aCRL
040 _beng
040 _cCRL
041 _2eng
041 _aeng
084 _qCRL
100 _aW. Craig Tomlin
_91068258
245 0 _aUX Optimization
260 _bSpringer
260 _bSpringer
260 _c2018
856 _uhttps://link.springer.com/openurl?genre=book&isbn=978-1-4842-3867-7
942 _cEBOOK
999 _c1633988
_d1633988